<?xml version="1.0" encoding="UTF-8"?>
<record
    xmlns:xsi="http://www.w3.org/2001/XMLSchema-instance"
    xsi:schemaLocation="http://www.loc.gov/MARC21/slim http://www.loc.gov/standards/marcxml/schema/MARC21slim.xsd"
    xmlns="http://www.loc.gov/MARC21/slim">

  <leader>00398nam a2200145Ia 4500</leader>
  <controlfield tag="008">230411s9999    xx            000 0 und d</controlfield>
  <datafield tag="020" ind1=" " ind2=" ">
    <subfield code="a">0-7637-4976-1</subfield>
  </datafield>
  <datafield tag="041" ind1=" " ind2=" ">
    <subfield code="a">eng</subfield>
  </datafield>
  <datafield tag="082" ind1=" " ind2=" ">
    <subfield code="a">AD/610.6/CLA/B05811</subfield>
  </datafield>
  <datafield tag="100" ind1=" " ind2=" ">
    <subfield code="a">Clark Carolyn</subfield>
    <subfield code="9">178744</subfield>
  </datafield>
  <datafield tag="245" ind1=" " ind2=" ">
    <subfield code="a">Creative Nursing Leadership and Management</subfield>
  </datafield>
  <datafield tag="260" ind1=" " ind2=" ">
    <subfield code="b">Jones and Bartlett</subfield>
    <subfield code="a">Boston</subfield>
    <subfield code="c">2009</subfield>
  </datafield>
  <datafield tag="300" ind1=" " ind2=" ">
    <subfield code="a">478p</subfield>
  </datafield>
  <datafield tag="999" ind1=" " ind2=" ">
    <subfield code="c">156295</subfield>
    <subfield code="d">156295</subfield>
  </datafield>
  <datafield tag="952" ind1=" " ind2=" ">
    <subfield code="0">0</subfield>
    <subfield code="1">0</subfield>
    <subfield code="4">0</subfield>
    <subfield code="7">0</subfield>
    <subfield code="8">AD</subfield>
    <subfield code="a">BTIN</subfield>
    <subfield code="b">BTIN</subfield>
    <subfield code="d">2009-11-10</subfield>
    <subfield code="e">CBS Publishers /</subfield>
    <subfield code="g">1869.60</subfield>
    <subfield code="i">IN2605</subfield>
    <subfield code="l">0</subfield>
    <subfield code="o">AD 610.6 CLA B05811</subfield>
    <subfield code="p">BTIN-BK-5811</subfield>
    <subfield code="r">2023-04-11 00:00:00</subfield>
    <subfield code="v">1402.00</subfield>
    <subfield code="w">2009-11-10</subfield>
    <subfield code="y">BK</subfield>
    <subfield code="z">B05811</subfield>
  </datafield>
  <datafield tag="952" ind1=" " ind2=" ">
    <subfield code="0">0</subfield>
    <subfield code="1">0</subfield>
    <subfield code="4">0</subfield>
    <subfield code="7">0</subfield>
    <subfield code="8">AD</subfield>
    <subfield code="a">BTIN</subfield>
    <subfield code="b">BTIN</subfield>
    <subfield code="d">2010-06-21</subfield>
    <subfield code="e">Pritam Book Centre</subfield>
    <subfield code="g">345.00</subfield>
    <subfield code="i">IN2605</subfield>
    <subfield code="l">0</subfield>
    <subfield code="o">AD 610.6 CLA B06326</subfield>
    <subfield code="p">BTIN-BK-6326</subfield>
    <subfield code="r">2023-04-11 00:00:00</subfield>
    <subfield code="v">276.00</subfield>
    <subfield code="w">2009-11-10</subfield>
    <subfield code="y">BK</subfield>
    <subfield code="z">B06326</subfield>
  </datafield>
</record>
